[Event "WYCC U18 Girls 2013"]
[Site "Al-Ain UAE"]
[Date "2013.12.22"]
[Round "6.4"]
[White "Gaboyan, Susanna"]
[Black "Navrotescu, Andreea-Cristiana"]
[Result "1/2-1/2"]
[BlackTitle "WFM"]
[WhiteElo "2050"]
[BlackElo "2147"]
[WhiteFideId "13303627"]
[BlackFideId "675946"]
[EventDate "2013.12.18"]

1. d4 f5 2. c4 Nf6 3. Nf3 g6 4. Nc3 Bg7 5. Bf4 O-O 6. e3 d6 7. Be2 Ne4 8. O-O
Nxc3 9. bxc3 Qe8 10. h3 e5 11. Bh2 Nc6 12. c5 h6 13. cxd6 cxd6 14. Qb3+ Kh8 15.
Qa3 Rf6 16. Bb5 e4 17. Nd2 Qd8 18. Rab1 g5 19. Bxc6 bxc6 20. Rb2 d5 21. f3 exf3
22. Nxf3 Rf7 23. Qc5 Qe7 24. Ne5 Bxe5 25. Bxe5+ Kh7 26. Qxc6 Bb7 27. Qb5 Rc8 28.
Qd3 Qe6 29. Rxb7 Rxb7 30. Rxf5 Qg6 31. e4 dxe4 32. Qxe4 Rd7 33. d5 Rf8 34. g4
Rdf7 35. Rxf7+ Rxf7 36. Qxg6+ Kxg6 37. d6 Rd7 38. Kf2 Kf7 39. Ke3 Ke6 40. Kd4
Rf7 41. c4 Rf1 42. Bg7 Kxd6 43. Bxh6 Rf4+ 44. Kd3 Ke5 45. Bxg5 Rf3+ 46. Be3 Rxh3
47. a3 a6 48. g5 Rg3 49. a4 Rg4 50. a5 Rg3 51. Kd2 Ke4 52. Bb6 Rxg5 53. Kc3 Rg3+
54. Kc2 Rh3 55. Kd2 Ke5 1/2-1/2

[Event "WYCC U18 Girls 2013"]
[Site "Al-Ain UAE"]
[Date "2013.12.22"]
[Round "6.5"]
[White "Vujnovic, Patricija"]
[Black "Klek, Hanna-Marie"]
[Result "1/2-1/2"]
[WhiteElo "2081"]
[BlackElo "2297"]
[WhiteFideId "14502313"]
[BlackFideId "24670057"]
[EventDate "2013.12.18"]

1. d4 d5 2. Nf3 Nf6 3. e3 c5 4. b3 Bg4 5. Be2 Nc6 6. O-O e6 7. Bb2 Be7 8. Nbd2
O-O 9. Ne5 Bxe2 10. Qxe2 Qb6 11. dxc5 Qxc5 12. Nxc6 bxc6 13. c4 Qa5 14. cxd5
cxd5 15. Rfc1 Rfc8 16. a3 h6 17. Qd3 Nd7 18. b4 Qb6 19. Nb3 f5 20. Bd4 Qd6 21.
f4 Kf7 22. Nc5 Nxc5 23. Bxc5 Qc6 24. Rc2 Bf6 25. Rac1 Qb7 26. a4 a6 27. b5 axb5
28. axb5 Ra5 29. b6 Bd8 30. Bd4 Rxc2 31. Qxc2 Rb5 32. Qa4 Rxb6 33. Bxb6 Bxb6 34.
Re1 1/2-1/2

[Event "WYCC U18 Girls 2013"]
[Site "Al-Ain UAE"]
[Date "2013.12.22"]
[Round "6.6"]
[White "Osmanodja, Filiz"]
[Black "Botez, Alexandra"]
[Result "1-0"]
[WhiteTitle "WIM"]
[BlackTitle "WFM"]
[WhiteElo "2274"]
[BlackElo "2086"]
[WhiteFideId "24633569"]
[BlackFideId "2603365"]
[EventDate "2013.12.18"]

1. e4 e6 2. d4 d5 3. Nc3 Nf6 4. e5 Nfd7 5. f4 c5 6. Nf3 Nc6 7. Be3 Rb8 8. Qd2
Qa5 9. a3 b5 10. Ra2 Be7 11. dxc5 b4 12. axb4 Qxb4 13. Nd4 Nxd4 14. Qxd4 Bxc5
15. Qxb4 Rxb4 16. Bd2 O-O 17. Nb5 Re4+ 18. Kd1 Be3 19. Bxe3 Rxe3 20. Nd6 g5 21.
Rxa7 gxf4 22. Nxc8 Rxc8 23. Rxd7 Ra8 24. Kd2 Ra1 25. b4 Ree1 26. b5 Rad1+ 27.
Kc3 Rb1 28. Kd4 Rb2 29. c3 Rc1 30. h4 Rxb5 31. Bxb5 Rxh1 32. Be2 Rxh4 33. Kc5
Kg7 34. Kd6 Rh2 35. Bf3 Rh1 36. Ra7 Kg6 37. Ra4 Kg5 38. g3 Rc1 39. Rxf4 Kg6 40.
Rf6+ Kg7 41. Ke7 Rxc3 42. Rxf7+ Kg6 43. Rf6+ Kg5 44. Kxe6 Rc6+ 45. Kxd5 Rxf6 46.
exf6 Kxf6 47. Bh5 Kg5 48. g4 Kf6 49. Kd6 Kg7 50. Ke5 Kh6 51. Kf5 Kg7 52. Kg5 Kf8
53. Kh6 Kg8 54. g5 Kh8 55. Bd1 Kg8 56. Bc2 Kh8 57. Bd3 Kg8 58. Bxh7+ Kh8 59. Bd3
Kg8 60. g6 1-0

[Event "WYCC U18 Girls 2013"]
[Site "Al-Ain UAE"]
[Date "2013.12.22"]
[Round "6.7"]
[White "Rodriguez Rueda, Paula Andrea"]
[Black "Bezkorovaina, Mariia"]
[Result "1-0"]
[WhiteTitle "WIM"]
[WhiteElo "2257"]
[BlackElo "2081"]
[WhiteFideId "4404564"]
[BlackFideId "14116324"]
[EventDate "2013.12.18"]

1. d4 d6 2. Nf3 Nf6 3. c4 g6 4. g3 Bg7 5. Bg2 O-O 6. O-O c6 7. Nc3 Bg4 8. Qc2
Qa5 9. a3 e5 10. e3 Nbd7 11. Nh4 Qc7 12. b3 Nb6 13. a4 a5 14. Bb2 Nfd7 15. h3
Be6 16. Rad1 exd4 17. exd4 f5 18. d5 Bf7 19. dxc6 bxc6 20. Qd2 Nc5 21. Qxd6 Qxd6
22. Rxd6 Nxb3 23. Rxc6 Nxc4 24. Rxc4 Bxc4 25. Bxa8 Bxf1 26. Bd5+ Kh8 27. Kxf1
Rb8 28. Nf3 Nd4 29. Nd1 Nxf3 30. Bxg7+ Kxg7 31. Bxf3 Rb4 32. Bc6 f4 33. gxf4
Rxf4 34. Ne3 g5 35. Bb5 Rf7 36. Nc4 Ra7 37. Ke2 Kf6 38. Ke3 Kf5 39. Bc6 h5 40.
Be4+ Ke6 41. Kd4 g4 42. hxg4 hxg4 43. Ne3 Rg7 44. Bf5+ Kd6 45. Bxg4 Kc6 46. Bf3+
Kb6 47. Nc4+ Ka6 48. Be2 Rd7+ 49. Kc3 Re7 50. Bd3 Re1 51. f4 Ra1 52. f5 Kb7 53.
f6 1-0

[Event "WYCC U18 Girls 2013"]
[Site "Al-Ain UAE"]
[Date "2013.12.22"]
[Round "6.8"]
[White "Atabayeva, Gozel"]
[Black "Bivol, Alina"]
[Result "1/2-1/2"]
[WhiteTitle "WFM"]
[BlackTitle "WIM"]
[WhiteElo "2069"]
[BlackElo "2236"]
[WhiteFideId "14001896"]
[BlackFideId "4100123"]
[EventDate "2013.12.18"]

1. e4 e5 2. Nf3 Nc6 3. Bc4 Nf6 4. d3 Be7 5. c3 O-O 6. Nbd2 d5 7. Bb3 Bg4 8. O-O
h6 9. Re1 dxe4 10. dxe4 Bc5 11. h3 Bh5 12. Qe2 Qe7 13. Nf1 Bg6 14. Ng3 Nh5 15.
Nxh5 Bxh5 16. Be3 Bxf3 17. Qxf3 Na5 18. Red1 Nxb3 19. axb3 Bb6 20. Rd3 Rfd8 21.
Rad1 Rxd3 22. Rxd3 Rd8 23. Bxb6 axb6 24. Qd1 Rxd3 25. Qxd3 Qg5 26. g3 c6 27. Qd7
Qc1+ 28. Kg2 Qxb2 29. Qxb7 Qxc3 30. Qc8+ Kh7 31. Qf5+ Kg8 32. Qc8+ Kh7 33. Qf5+
Kg8 34. Qc8+ Kh7 1/2-1/2

[Event "WYCC U18 Girls 2013"]
[Site "Al-Ain UAE"]
[Date "2013.12.22"]
[Round "6.9"]
[White "Severina, Maria"]
[Black "Leks, Maria"]
[Result "1/2-1/2"]
[WhiteTitle "WIM"]
[BlackTitle "WCM"]
[WhiteElo "2203"]
[BlackElo "2076"]
[WhiteFideId "4116909"]
[BlackFideId "1134957"]
[EventDate "2013.12.18"]

1. d4 d5 2. c4 c6 3. Nc3 Nf6 4. Nf3 dxc4 5. a4 Bf5 6. Ne5 Na6 7. f3 Nd7 8. Nxc4
e5 9. e4 exd4 10. Ne2 Bb4+ 11. Kf2 Be6 12. Nxd4 O-O 13. Be3 Qf6 14. Nxe6 Qxe6
15. Na3 Nac5 16. Nc2 a5 17. Be2 Nb3 18. Nd4 Nxd4 19. Qxd4 Bc5 20. Qc3 Bxe3+ 21.
Qxe3 Ne5 22. Rhd1 Rae8 23. Kg1 Qg6 24. f4 Ng4 25. Qf3 Nf6 26. e5 Qe4 27. Kf2
Qxf3+ 28. Bxf3 Nd5 29. Bxd5 cxd5 30. Rxd5 f6 31. Kg3 fxe5 32. fxe5 Re6 33. h4
Rg6+ 34. Kh3 Rf2 35. Rg1 Rxb2 36. Rxa5 Kf7 37. g3 Rc6 38. Rg2 Rb3 1/2-1/2

[Event "WYCC U18 Girls 2013"]
[Site "Al-Ain UAE"]
[Date "2013.12.22"]
[Round "6.10"]
[White "Tomnikova, Lidia"]
[Black "Marikova, Jana"]
[Result "1-0"]
[WhiteTitle "WFM"]
[WhiteElo "2167"]
[BlackElo "2062"]
[WhiteFideId "4113110"]
[BlackFideId "334138"]
[EventDate "2013.12.18"]

1. e4 c5 2. Nf3 Nc6 3. d4 cxd4 4. Nxd4 e5 5. Nb5 a6 6. Nd6+ Bxd6 7. Qxd6 Qf6 8.
Qc7 Qg6 9. Nc3 d5 10. Nxd5 Qxe4+ 11. Ne3 Nge7 12. Bd3 Qd4 13. Nc4 O-O 14. Be3
Nd5 15. Bxd4 Nxc7 16. Bc5 Rd8 17. Bb6 Rd7 18. O-O-O Nb5 19. Be4 f6 20. Bd5+ Kh8
21. Be3 Rxd5 22. Rxd5 Be6 23. Nb6 Bxd5 24. Nxa8 Bxg2 25. Rd1 Nbd4 26. Bxd4 exd4
27. Nc7 Bh3 28. Ne8 h5 29. Nd6 b5 30. Nb7 Kg8 31. Nc5 Bc8 32. Nb3 Kf7 33. Nxd4
Nxd4 34. Rxd4 Ke7 35. c4 bxc4 36. Rxc4 Be6 37. Rc7+ Kd6 38. Rxg7 1-0

[Event "WYCC U18 Girls 2013"]
[Site "Al-Ain UAE"]
[Date "2013.12.22"]
[Round "6.11"]
[White "Xiao, Yiyi"]
[Black "Tran, My Linh"]
[Result "0-1"]
[WhiteTitle "WFM"]
[WhiteElo "2163"]
[BlackElo "2061"]
[WhiteFideId "8606161"]
[BlackFideId "24682462"]
[EventDate "2013.12.18"]

1. d4 Nf6 2. c4 c5 3. d5 b5 4. cxb5 a6 5. bxa6 g6 6. Nc3 Bxa6 7. Nf3 d6 8. g3
Bg7 9. Bg2 Nbd7 10. O-O Nb6 11. Nd2 O-O 12. Qc2 Bb7 13. e4 Ba6 14. Rd1 Ng4 15.
Nf3 Nc4 16. Rb1 Nge5 17. Nxe5 Nxe5 18. b3 Qa5 19. Bb2 c4 20. Na4 Bb5 21. Nc3 Ba6
22. Ba1 Rab8 23. Kh1 Rfc8 24. bxc4 Rxb1 25. Rxb1 Nxc4 26. Rb3 Na3 27. Qd2 Nb5
28. Bf1 Nxc3 29. Bh3 f5 30. exf5 Qxd5+ 31. Qxd5+ Nxd5 32. fxg6 Rc1+ 33. Kg2 Bf1+
34. Kf3 Bxh3 35. Rb8+ Rc8 0-1

[Event "WYCC U18 Girls 2013"]
[Site "Al-Ain UAE"]
[Date "2013.12.22"]
[Round "6.12"]
[White "Juhasz, Barbara"]
[Black "Saranya, J"]
[Result "1-0"]
[WhiteTitle "WFM"]
[BlackTitle "WFM"]
[WhiteElo "2152"]
[BlackElo "2057"]
[WhiteFideId "743585"]
[BlackFideId "5031931"]
[EventDate "2013.12.18"]

1. e4 c5 2. b3 d6 3. Bb2 Nf6 4. Bb5+ Nbd7 5. d3 g6 6. Bxd7+ Bxd7 7. f4 Bg7 8.
Nf3 O-O 9. O-O b5 10. c4 a5 11. a4 bxc4 12. bxc4 Nh5 13. Bxg7 Kxg7 14. Qd2 f5
15. exf5 Bxf5 16. Nc3 Bg4 17. h3 Bd7 18. Ng5 Ng3 19. Rfe1 h6 20. Ne6+ Bxe6 21.
Rxe6 Nf5 22. Rae1 Rf7 23. Nb5 d5 24. cxd5 Qxd5 25. Qc3+ Nd4 26. Nc7 Qf5 27. Nxa8
Qxf4 28. Qb2 Kf8 29. Rxg6 1-0

[Event "WYCC U18 Girls 2013"]
[Site "Al-Ain UAE"]
[Date "2013.12.22"]
[Round "6.13"]
[White "Duessler, Stefanie"]
[Black "Pratyusha, Bodda"]
[Result "1-0"]
[WhiteElo "2046"]
[BlackElo "2128"]
[WhiteFideId "4634780"]
[BlackFideId "5000629"]
[EventDate "2013.12.18"]

1. e4 e5 2. Nf3 Nc6 3. Bb5 a6 4. Ba4 Nf6 5. O-O Be7 6. Re1 b5 7. Bb3 d6 8. c3
O-O 9. h3 a5 10. a4 b4 11. d4 bxc3 12. bxc3 exd4 13. cxd4 d5 14. e5 Ne4 15. Nbd2
Bf5 16. Ba3 Nb4 17. Re3 c5 18. Ba2 Qd7 19. g4 Bg6 20. Nxe4 dxe4 21. e6 Qb7 22.
exf7+ Kh8 23. Ne5 cxd4 24. Re1 Rad8 25. Qb3 Bf6 26. Nxg6+ hxg6 27. Qe6 e3 28. g5
Qf3 29. fxe3 Qg3+ 30. Kh1 Nd3 31. Re2 Qf3+ 32. Rg2 Be5 33. Bxf8 Nf2+ 34. Kg1
Nxh3+ 35. Kh1 Nf2+ 36. Kg1 dxe3 37. Bxg7+ Kxg7 38. Qxe5+ Kf8 39. Qh8+ Ke7 40.
Qf6+ Qxf6 41. gxf6+ Kxf6 42. Rxf2+ exf2+ 43. Kxf2 Kg7 44. Ke3 Rd6 45. Rf1 Kf8
46. Ke4 Rd2 47. Bc4 Rc2 48. Kd3 Rb2 49. Re1 1-0

[Event "WYCC U18 Girls 2013"]
[Site "Al-Ain UAE"]
[Date "2013.12.22"]
[Round "6.14"]
[White "Baraeva, Irina"]
[Black "Chiarion, Elisa"]
[Result "1-0"]
[WhiteTitle "WIM"]
[WhiteElo "2211"]
[BlackElo "1957"]
[WhiteFideId "24142565"]
[BlackFideId "828653"]
[EventDate "2013.12.18"]

1. d4 d5 2. Nf3 Nf6 3. c4 e6 4. Nc3 dxc4 5. e3 a6 6. Bxc4 b5 7. Bb3 Bb7 8. O-O
c5 9. Qe2 cxd4 10. Nxd4 Bd6 11. Rd1 Qe7 12. a3 Nc6 13. Nxc6 Bxc6 14. e4 Qc7 15.
Rxd6 Qxd6 16. e5 Qe7 17. exf6 Qxf6 18. Nd5 Qd8 19. Nf4 O-O 20. Be3 Qf6 21. Bc2
e5 22. Nh3 Bb7 23. Ng5 h6 24. Qd3 g6 25. Ne4 Qc6 26. Bxh6 Rfd8 27. Qh3 Rd4 28.
f3 Qe6 29. Qxe6 fxe6 30. Be3 Rdd8 31. Nc5 Bd5 32. Bxg6 a5 33. Nd3 Kg7 34. Nxe5
Kf6 35. Bf4 Rg8 36. Bd3 b4 37. Nd7+ 1-0

[Event "WYCC U18 Girls 2013"]
[Site "Al-Ain UAE"]
[Date "2013.12.22"]
[Round "6.15"]
[White "Lezhepekova, Veronika"]
[Black "Anjana Krishna, S"]
[Result "0-1"]
[WhiteTitle "WFM"]
[WhiteElo "2121"]
[BlackElo "1877"]
[WhiteFideId "24146137"]
[BlackFideId "5046424"]
[EventDate "2013.12.18"]

1. d4 d5 2. c4 e6 3. Nc3 Nf6 4. Nf3 Be7 5. Bg5 O-O 6. e3 h6 7. Bh4 b6 8. Be2 Bb7
9. Bxf6 Bxf6 10. cxd5 exd5 11. b4 c5 12. bxc5 bxc5 13. Rb1 Bc6 14. O-O c4 15.
Ne5 Bxe5 16. dxe5 Nd7 17. Qd4 Re8 18. Nxd5 Nxe5 19. Rfd1 Nd3 20. Bf3 Ne5 21. Be4
Rb8 22. f4 Ng4 23. Qxc4 Rxb1 24. Rxb1 Bxd5 25. Bxd5 Qf6 26. Bf3 Nxe3 27. Qa4 Re7
28. h3 Nf5 29. Rd1 g6 30. Qb4 Re8 31. a4 Rd8 32. Bd5 Kg7 33. Qe4 Ne7 34. Bb3
Rxd1+ 35. Bxd1 Qa1 36. Qd3 Nf5 37. Kh2 Qc1 38. g3 Qc5 39. Bf3 Qf2+ 40. Bg2 Ne3
41. Qc3+ Kh7 42. Qc6 Nf1+ 0-1

[Event "WYCC U18 Girls 2013"]
[Site "Al-Ain UAE"]
[Date "2013.12.22"]
[Round "6.16"]
[White "Leonardi, Caterina"]
[Black "Dragieva, Denitza"]
[Result "0-1"]
[BlackTitle "WFM"]
[WhiteElo "1939"]
[BlackElo "2095"]
[WhiteFideId "14601036"]
[BlackFideId "2907232"]
[EventDate "2013.12.18"]

1. d4 d5 2. c4 e5 3. dxe5 d4 4. Nf3 Nc6 5. g3 Nge7 6. Bg5 h6 7. Bxe7 Bxe7 8. Bg2
O-O 9. O-O Bg4 10. Nbd2 Qd7 11. Nb3 Rad8 12. Qc2 d3 13. exd3 Qxd3 14. Qxd3 Rxd3
15. Ne1 Rd7 16. Bxc6 bxc6 17. f3 Bh3 18. Ng2 Rfd8 19. Rfe1 Bb4 20. Rec1 g5 21.
Kf2 Rd2+ 22. Nxd2 Rxd2+ 23. Ke3 Rxg2 24. Rd1 Bf5 25. Kd4 Rxb2 26. a3 Be7 27. h4
Rb3 28. g4 Be6 29. hxg5 hxg5 30. Rf1 c5+ 31. Ke4 Bxc4 32. Rf2 c6 0-1

[Event "WYCC U18 Girls 2013"]
[Site "Al-Ain UAE"]
[Date "2013.12.22"]
[Round "6.17"]
[White "Guo, Emma"]
[Black "Nouman, Amna"]
[Result "0-1"]
[WhiteTitle "WIM"]
[BlackTitle "WFM"]
[WhiteElo "2011"]
[BlackElo "1833"]
[WhiteFideId "3200795"]
[BlackFideId "9301500"]
[EventDate "2013.12.18"]

1. d4 Nf6 2. Nf3 c5 3. d5 d6 4. c4 b5 5. cxb5 a6 6. bxa6 Bxa6 7. Nc3 g6 8. e4
Bxf1 9. Kxf1 Bg7 10. g3 Nbd7 11. Kg2 O-O 12. Re1 Ra6 13. h3 Nb6 14. Qd3 Qa8 15.
a3 Rb8 16. Rb1 Nfd7 17. Bd2 c4 18. Qc2 Nc5 19. Be3 Nd3 20. Red1 Bxc3 21. bxc3
Nd7 22. Nd2 Rc8 23. Nxc4 Nxf2 24. Rd4 Ra4 25. Rb4 Rxb4 26. axb4 Nd1 27. Bd2 Qa1
28. Qb3 Ra8 29. Na5 Ne5 30. Qc2 Nb2 31. Bc1 Na4 32. Bd2 Nb2 33. Nb3 Qa2 34. Nc1
Qa3 35. Ne2 Qa1 36. Qc1 Qa2 37. b5 Rb8 38. Rb4 Ned3 39. Qc2 Nxb4 40. cxb4 Qc4
41. Qxc4 Nxc4 42. Bc3 Ne3+ 43. Kf3 Nc2 44. Nd4 Nxd4+ 45. Bxd4 Rxb5 46. Bc3 e6
47. dxe6 fxe6 48. Ke3 Kf7 49. Kd4 Ke7 50. Kc4 Rb8 51. b5 Kd7 52. Ba5 Kc8 53. Bb4
Kd7 54. Ba5 Rc8+ 55. Kb4 Rc1 56. Bb6 Re1 57. Ka5 Rxe4 58. Ka6 Kc8 59. Ba7 Ra4+
60. Kb6 d5 0-1

[Event "WYCC U18 Girls 2013"]
[Site "Al-Ain UAE"]
[Date "2013.12.22"]
[Round "6.18"]
[White "Foster, Chantelle L"]
[Black "Serbanescu, Diana-Maria"]
[Result "1-0"]
[WhiteElo "1901"]
[BlackElo "1989"]
[WhiteFideId "408476"]
[BlackFideId "1200550"]
[EventDate "2013.12.18"]

1. e4 e5 2. Nf3 d6 3. d4 Nd7 4. Bc4 c6 5. dxe5 dxe5 6. Ng5 Nh6 7. O-O Be7 8. Ne6
fxe6 9. Bxh6 Nb6 10. Qh5+ Kf8 11. f4 Qe8 12. fxe5+ Bf6 13. Bxg7+ Ke7 14. exf6+
Kd7 15. Qxe8+ Rxe8 16. f7 Nxc4 17. fxe8=Q+ Kxe8 18. Nc3 Nd6 19. Rad1 Nf7 20. e5
Bd7 21. Ne4 Ke7 22. Nd6 1-0

[Event "WYCC U18 Girls 2013"]
[Site "Al-Ain UAE"]
[Date "2013.12.22"]
[Round "6.19"]
[White "Michelle Catherina, P"]
[Black "Roy, Ali"]
[Result "1-0"]
[WhiteElo "2137"]
[BlackElo "1891"]
[WhiteFideId "5005736"]
[BlackFideId "2400456"]
[EventDate "2013.12.18"]

1. e4 c5 2. Nf3 Nc6 3. d4 cxd4 4. Nxd4 g6 5. c4 Bg7 6. Be3 Nf6 7. Nc3 O-O 8. Be2
d6 9. O-O Bd7 10. Qd2 a6 11. f3 Rc8 12. Rac1 Qc7 13. Rfd1 Ne5 14. b3 Bc6 15. Kh1
Rfd8 16. Bf1 Ned7 17. Bg1 Nf8 18. Re1 Qb8 19. Nd5 Bxd5 20. exd5 Re8 21. Rcd1
Rcd8 22. f4 Qc7 23. Qc1 N6d7 24. g3 Nc5 25. Bh3 e6 26. b4 Ncd7 27. dxe6 fxe6 28.
Nxe6 Nxe6 29. Rxe6 Rxe6 30. Bxe6+ Kh8 31. Bd4 Nf6 32. Bh3 Re8 33. Qb2 Qe7 34.
Bg2 Rb8 35. Kg1 b5 36. c5 dxc5 37. bxc5 Ne8 38. c6 Rc8 39. Bxg7+ Qxg7 40. Qxg7+
Nxg7 41. c7 Ne6 42. Bh3 Rxc7 43. Bxe6 Rc2 44. Rd6 a5 45. Rb6 Rb2 46. Bb3 b4 47.
Ra6 1-0

[Event "WYCC U18 Girls 2013"]
[Site "Al-Ain UAE"]
[Date "2013.12.22"]
[Round "6.20"]
[White "Machlik, Edit"]
[Black "Baraeva, Marina"]
[Result "1/2-1/2"]
[BlackTitle "WIM"]
[WhiteElo "1855"]
[BlackElo "2136"]
[WhiteFideId "1513591"]
[BlackFideId "24142573"]
[EventDate "2013.12.18"]

1. d4 d5 2. c4 c6 3. Nf3 Nf6 4. Nc3 dxc4 5. a4 Bf5 6. Ne5 Nbd7 7. Nxc4 Qc7 8. g3
e5 9. dxe5 Nxe5 10. Bf4 Nfd7 11. Bg2 f6 12. O-O Nc5 13. Ne3 Bg6 14. b4 Ne6 15.
b5 Rd8 16. Qb3 Nd4 17. Qb2 Bc5 18. Ng4 O-O 19. Ne4 Bxe4 20. Bxe4 Qd7 21. Nxe5
fxe5 22. Be3 cxb5 23. axb5 Kh8 24. Rac1 Bb6 25. Bxd4 Bxd4 26. Qb3 Qg4 27. Bf3
Qf5 28. Qc2 Qf7 29. Qe4 Rd7 30. Qc2 Qf6 31. Qe4 Rdf7 32. Kg2 Qd8 33. Rc2 Qd7 34.
Rb1 Qd8 35. Rf1 Qg5 36. h4 Qf6 37. Rb1 Qd6 38. Rf1 h6 39. Rcc1 Qb6 40. Rb1 Qd6
41. Rfc1 Qf6 42. Rf1 Bb6 43. Rbc1 Bd4 44. Bh5 Rd7 45. Bg4 Rdf7 1/2-1/2

[Event "WYCC U18 Girls 2013"]
[Site "Al-Ain UAE"]
[Date "2013.12.22"]
[Round "6.22"]
[White "Lepeskaite, Migle"]
[Black "Utiatskaja, Irina"]
[Result "0-1"]
[WhiteElo "1810"]
[BlackElo "2069"]
[WhiteFideId "12803065"]
[BlackFideId "24140848"]
[EventDate "2013.12.18"]

1. d4 Nf6 2. c4 c5 3. d5 b5 4. cxb5 a6 5. Nc3 axb5 6. Nxb5 Ba6 7. e3 Bxb5 8.
Bxb5 Qa5+ 9. Bd2 Qxb5 10. Bc3 d6 11. f3 g6 12. Ne2 Bg7 13. e4 O-O 14. O-O Nfd7
15. Qc2 Na6 16. a3 Rfb8 17. Rfb1 Bxc3 18. Nxc3 Qb3 19. Qe2 Nc7 20. a4 Nb6 21.
Ra3 Qb4 22. Qc2 Qd4+ 23. Kh1 Nc4 24. Raa1 Qd2 25. Qc1 Qxc1+ 26. Rxc1 Nxb2 0-1

[Event "WYCC U18 Girls 2013"]
[Site "Al-Ain UAE"]
[Date "2013.12.22"]
[Round "6.23"]
[White "El, Kader Maria"]
[Black "Regam, Jessica"]
[Result "0-1"]
[BlackTitle "WFM"]
[WhiteElo "1619"]
[BlackElo "2019"]
[WhiteFideId "14137380"]
[BlackFideId "2033496"]
[EventDate "2013.12.18"]

1. e4 e6 2. d3 c5 3. Nd2 Nc6 4. Ngf3 d6 5. g3 g6 6. Bg2 Bg7 7. O-O Nge7 8. a4
O-O 9. Nc4 d5 10. exd5 exd5 11. Ne3 h6 12. c3 Be6 13. Re1 Kh7 14. d4 cxd4 15.
Nxd4 Nxd4 16. cxd4 Qb6 17. Nc2 a5 18. Bd2 Nc6 19. Bc3 Rad8 20. Qd2 Rfe8 21. Bf1
Bf5 22. Bb5 Bxc2 23. Bxc6 Qxc6 24. Qxc2 Bxd4 25. Qb3 Bxc3 26. bxc3 Rc8 27. Red1
Re5 28. Rac1 Rd8 29. Rd4 Rd7 30. Qd1 Rde7 31. Qd3 Qe6 32. Rd1 Qh3 33. Qf1 Qe6
34. Qd3 Rd7 35. Kg2 Kg7 36. h4 b6 37. Rf4 Rc7 38. Rd4 Rc5 39. Rf4 Re4 40. Rxe4
Qxe4+ 41. Kg1 Qxa4 42. Re1 Qc4 43. Qf3 Qxc3 44. Re3 Qf6 0-1

[Event "WYCC U18 Girls 2013"]
[Site "Al-Ain UAE"]
[Date "2013.12.22"]
[Round "6.24"]
[White "Kakhramonova, Mokhinur"]
[Black "Xiao, Alice Huanyi"]
[Result "0-1"]
[WhiteElo "2004"]
[BlackElo "1874"]
[WhiteFideId "14201771"]
[BlackFideId "2612550"]
[EventDate "2013.12.18"]

1. e4 d5 2. exd5 Qxd5 3. Nc3 Qa5 4. a3 c6 5. Nf3 Nf6 6. b4 Qc7 7. Bb2 Bf5 8. Bc4
e6 9. O-O Be7 10. Qe2 O-O 11. Nh4 Ng4 12. Nf3 Nd7 13. Bb3 Bf6 14. h3 Nge5 15.
Nd4 Rfe8 16. g4 Bg6 17. g5 Bxg5 18. f4 Bxf4 19. Rxf4 Nd3 20. Rff1 Nxb2 21. Rab1
Nd3 22. cxd3 Qg3+ 23. Qg2 Qxg2+ 24. Kxg2 Bxd3 25. Rbe1 Bxf1+ 26. Kxf1 Rad8 27.
Nf3 Nb6 28. d4 Nd5 29. Nxd5 exd5 30. Rxe8+ Rxe8 31. Kf2 f6 32. b5 Kf7 33. Ne1
Ke6 34. Nd3 Kd6 35. bxc6 bxc6 36. Nc5 g5 37. Bc2 h6 38. Na6 f5 39. Nb4 c5 40.
Nc6 f4 41. h4 gxh4 42. Ne5 Rxe5 43. dxe5+ Kxe5 44. Kf3 c4 45. Bg6 h3 46. Be8 Kd4
47. Bd7 c3 48. Bf5 h2 49. Kg2 Ke3 50. Kxh2 Kd2 51. Kg2 c2 52. Bxc2 Kxc2 53. Kf3
d4 0-1

[Event "WYCC U18 Girls 2013"]
[Site "Al-Ain UAE"]
[Date "2013.12.22"]
[Round "6.25"]
[White "Kuckling, Hannah"]
[Black "Korbovljanovic, Natasa"]
[Result "1-0"]
[WhiteElo "1993"]
[BlackElo "1854"]
[WhiteFideId "24603660"]
[BlackFideId "900486"]
[EventDate "2013.12.18"]

1. e4 d6 2. d4 Nf6 3. Nc3 g6 4. f4 Bg7 5. Nf3 Nbd7 6. h3 c5 7. e5 Nh5 8. Ne2 Bf8
9. g4 Ng7 10. d5 Nb6 11. c4 e6 12. Nc3 f5 13. Be3 Bd7 14. Bd3 Qe7 15. Bf2 fxg4
16. hxg4 exd5 17. cxd5 Bxg4 18. Bxg6+ hxg6 19. Rxh8 dxe5 20. fxe5 Bxf3 21. Qxf3
Qxe5+ 22. Kf1 O-O-O 23. Rxf8 1-0

[Event "WYCC U18 Girls 2013"]
[Site "Al-Ain UAE"]
[Date "2013.12.22"]
[Round "6.26"]
[White "Bengtsson, Jessica"]
[Black "Durmaz, Ayca Fatma"]
[Result "1-0"]
[BlackTitle "WCM"]
[WhiteElo "1970"]
[BlackElo "1799"]
[WhiteFideId "1711083"]
[BlackFideId "6317855"]
[EventDate "2013.12.18"]

1. e4 c5 2. c3 Nf6 3. e5 Nd5 4. d4 cxd4 5. Nf3 b6 6. cxd4 e6 7. Nc3 Nxc3 8. bxc3
Qc7 9. Bd2 Be7 10. Bd3 Ba6 11. Bxa6 Nxa6 12. Qe2 Nb8 13. Qe4 Nc6 14. O-O O-O 15.
Ng5 Bxg5 16. Bxg5 d6 17. f4 Rac8 18. Rf3 dxe5 19. fxe5 Ne7 20. Raf1 Ng6 21. h4
Ne7 22. h5 Nd5 23. Qg4 Kh8 24. h6 g6 25. Qxe6 1-0

[Event "WYCC U18 Girls 2013"]
[Site "Al-Ain UAE"]
[Date "2013.12.22"]
[Round "6.27"]
[White "Nguyen, Thi Thuy Trien"]
[Black "Matisone, Dana"]
[Result "1-0"]
[WhiteTitle "WFM"]
[WhiteElo "1945"]
[BlackElo "1744"]
[WhiteFideId "12404179"]
[BlackFideId "11603526"]
[EventDate "2013.12.18"]

1. d4 d5 2. c4 e6 3. Nc3 Nf6 4. e3 c6 5. Qc2 Nbd7 6. cxd5 exd5 7. Nf3 Bd6 8. Bd3
O-O 9. O-O Re8 10. Rb1 a5 11. a3 Qe7 12. Na2 a4 13. Nc3 Nb6 14. Re1 Ne4 15. h3
Bf5 16. Nd2 Bg6 17. Ncxe4 dxe4 18. Bf1 Nd5 19. Nc4 Bc7 20. b4 axb3 21. Rxb3 Reb8
22. Bd2 f5 23. Bb4 Nxb4 24. axb4 Bf7 25. Rb2 b5 26. Nd2 Qd6 27. g3 Ra4 28. Qc3
Rba8 29. Rc1 Ra2 30. Rxa2 Rxa2 31. Qxc6 Rxd2 32. Qxc7 Qxc7 33. Rxc7 Be8 34. Rc8
Kf7 35. Rb8 Rd1 36. Kg2 Ke7 37. Bxb5 Bh5 38. g4 fxg4 39. hxg4 Bxg4 40. Kg3 Bf3
41. Kf4 Rg1 42. d5 h5 43. Rb7+ Kf6 44. Rb6+ Kf7 45. d6 h4 46. d7 Rd1 47. Rb8 Kf6
48. Rb6+ Ke7 49. Ke5 h3 50. Re6+ Kd8 51. Re8+ Kc7 52. Rc8+ Kb6 53. Ba4 Rxd7 54.
Bxd7 h2 55. Rh8 h1=Q 56. Rxh1 Bxh1 57. Bf5 Bf3 58. Bxe4 Bh5 59. Bd3 Bf7 60. Kd6 1-0